Jack Nicholson Movies (A-Z) Quiz Stats

Quiz Updated Sep 23, 2012

Challenge
Share
Tweet
Embed
Score 0/18 Timer 05:00
0 Plays Today
Letter Film(s) % Correct
AAs Good as It Gets, About Schmidt, Anger Management
85.5%
SThe Shining, A Safe Place, The Shooting, Something's Gotta Give, The St. Valentine's Day Massacre, Studs Lonigan
82.4%
BThe Bucket List, Back Door to Hell, Batman, Blood and Wine, The Border, Broadcast News, The Broken Land
80.7%
OOne Flew Over the Cuckoo's Nest, On A Clear Day You Can See Forever
76.8%
FA Few Good Men, Five Easy Pieces, Flight to Fury,The Fortune
69.9%
CChinatown, Carnal Knowledge, The Crossing Guard, The Cry Baby Killer
54.6%
DThe Departed; Drive, He Said
53.7%
EEasy Rider, Ensign Pulver, The Evening Star
46.1%
TTerms of Endearment, Terror in the Aisles, The Terror, The Trip, The Two Jakes, Tommy, Too Soon to Love
44.7%
Letter Film(s) % Correct
WThe Witches of Eastwick, The Wild Ride, Wolf
44.6%
PPrizzi's Honor, The Passenger, The Pledge, The Postman Always Rings Twice, Psych-Out
28.4%
LThe Last Detail, The Last Tycoon, The Little Shop of Horrors
20%
HHoffa, Head, Heartburn, Hells Angels on Wheels, How Do You Know
19.9%
MMars Attacks!, Man Trouble, The Missouri Breaks
18.7%
RReds, Ragtime, The Raven, The Rebel Rousers, Ride in the Whirlwind
13.8%
IIronweed
11.9%
GGoin' South
8.3%
KThe King of Marvin Gardens
6%

You're not logged in!

Compare scores with friends on all Sporcle quizzes.
Sign Up with Email
OR
Log In

You Might Also Like...

Show Comments

Extras

Top Quizzes Today


Quiz Stats

Your Account Isn't Verified!

In order to create a playlist on Sporcle, you need to verify the email address you used during registration. Go to your Sporcle Settings to finish the process.